| 000 | 01036nam a22002297a 4500 | ||
|---|---|---|---|
| 999 |
_c4532 _d4532 |
||
| 003 | AR-CdUCM | ||
| 008 | 190308b ||||| |||| 00| 0 spa d | ||
| 040 |
_aMUNICIPALIDAD PROVINCIAL DEL CUSCO _cBIBLIOTECA MUNICIPAL DEL CUSCO |
||
| 082 |
_a869.0095 / _bO73 |
||
| 100 |
_aOrtega, Julio _95562 |
||
| 245 |
_aLa contemplación y la fiesta : _bEnsayos sobre la nueva novela latinoamericana / |
||
| 260 |
_aLima : _bEditorial Universitaria, _c1968. |
||
| 300 |
_a115 páginas ; _c20 cm. |
||
| 500 | _aDonación de la familia de Luis Nieto | ||
| 505 | _aContenido: Juan Rulfo. Pedro Paramo -- Julio Cortázar. Rayuela -- Gabriel García Márquez. Cien años de soledad -- Mario Vargas Llosa. Los cachorros -- Carlos Fuentes. Cambio de piel -- Guillermo Cabrera Infante. Tres tristes tigres -- Néstor Sánchez. La novela del lenguaje -- Bibliografía. | ||
| 650 |
_aNovela latinoamericana _9130 |
||
| 650 |
_aHistoria y crítica _95993 |
||
| 650 |
_aEnsayos _9375 |
||
| 650 |
_aConferencias _9376 |
||
| 942 |
_2ddc _cLIBROS |
||
| 945 | _adavv | ||